000 01119cam a2200325 a 4500
001 688731
003 EG-ScBUE
005 20211220094052.0
008 960126t1996 enk f 000 1 eng d
020 _a9780747256076
020 _a0747256071
040 _aDLC
_beng
_erda
_cDLC
_dDLC
_dEG-ScBUE
043 _an-us-mn
082 0 4 _a813.54
_bSAN
_220
100 1 _aSandford, John,
_d1944 Feb. 23-
_eauthor.
245 1 0 _aSudden prey /
_c[by] John Sandford.
264 1 _aLondon :
_bHeadline Book Publishing,
_c[1996]
264 4 _cc1996
300 _a410 pages ;
_c24 cm
336 _2rdacontent
_atext
_btxt
337 _2rdamedia
_aunmediated
_bn
338 _2rdacarrier
_avolume
_bnc
650 7 _aDavenport, Lucas (Fictitious character)
_xFiction.
_2BUEsh
650 7 _aPolice
_zMinnesota
_zMinneapolis
_xFiction.
_2BUEsh
651 7 _aMinneapolis (Minn.)
_xFiction.
_2BUEsh
653 _bHHUUEENN
_cDecember2021
655 7 _aDetective and mystery stories.
_2gsafd
_vReading book
942 _2ddc
_cBB
999 _c10355
_d10355